Click to Translate - Belarusian - Statistics

General Stats
  • This quiz has been taken 1,588 times
  • The average score is 15 of 20
Answer Stats
Hint Answer % Correct
Sixteen Шаснаццаць (Šasnaccać)
85%
Day Дзень (Dzień)
84%
She Яна (Jana)
81%
Go Ідзі (Idzi)
80%
Here Тут (Tut)
80%
Time Час (Čas)
78%
Heart Сэрца (Serca)
78%
From Ад (Ad)
76%
Dog Сабака (Sabaka)
76%
Wife Жонка (Žonka)
76%
Thank you Дзякуй (Dziakuj)
75%
Flight Палёт (Paliot)
74%
Why Чаму (Čamu)
73%
Short Кароткі (Karotki)
68%
November Лістапад (Listapad)
68%
Expensive Дарагa (Doraha)
67%
Question Пытанне (Pytannie)
64%
Shirt Кашуля (Kašulia)
61%
Tuesday Аўторак (Aŭtorak)
55%
Always Заўсёды (Zaŭsiody)
55%
No matching quizzes found
Score Distribution
Percent of People with Each Score
Percentile by Number Answered
Your Score History
You have not taken this quiz